TV Theme Song Singers Quiz Stats

 Plays Quiz Updated Jan 28, 2020

Support Sporcle.
Go Orange.
Score 0/26 Timer 07:00
0 Plays Today
TV Show Artist % Correct
Hannah MontanaMiley Cyrus
73.2%
CSIThe Who
47%
Married... with ChildrenFrank Sinatra
45%
FriendsThe Rembrandts
42.4%
FrasierKelsey Grammer
38.2%
The Wonder YearsJoe Cocker
35.3%
The Drew Carey ShowThe Presidents of the United States of America
29.7%
Dukes of HazzardWaylon Jennings
29.7%
The Big Bang TheoryBarenaked Ladies
25.5%
Malcolm in the MiddleThey Might Be Giants
24.2%
The O.C.Phantom Planet
23.1%
Bosom BuddiesBilly Joel
20.9%
Miami ViceJan Hammer
17.9%
TV Show Artist % Correct
One Tree HillGavin DeGraw
16.2%
COPSInner Circle
12.2%
Pee Wee's PlayhouseCyndi Lauper
9.6%
SmallvilleRemy Zero
9.5%
Sanford & SonQuincy Jones
9.4%
EntourageJane's Addiction
9.1%
Joan of ArcadiaJoan Osborne
7.7%
CheersGary Portnoy
6.7%
The JeffersonsJa'net Du Bois
6%
M*A*S*HJohnny Mandel
5.9%
Rescue MeVon Bondies
5.2%
Mary Tyler Moore ShowSonny Curtis
5%
Full HouseJesse Frederick
4.2%

From the Vault

Fictional Detectives

by Hejman

If you need a clue on this quiz, you might have to consult with one of the answers.
Remove Ads.
Support Sporcle.
Get the best of Sporcle when you Go Orange. This ad-free experience offers more features, more stats, and more fun while also helping to support Sporcle. Thank you for becoming a member.

Show Comments

Extras

Top Quizzes Today


Score Distribution

Your Account Isn't Verified!

In order to create a playlist on Sporcle, you need to verify the email address you used during registration. Go to your Sporcle Settings to finish the process.

Report this User

Report this user for behavior that violates our Community Guidelines.

Details: